000
00422nam a22001697a 4500
003
MPLRDC
005
20220104123443.0
008
210129b ||||| |||| 00| 0 eng d
082
_a
976 ZGWD
100
_a
中国舞蹈艺术研究会编
245
_a
长绸舞
_c
戴爱莲午
250
_a
第一版
260
_a
_b
上海文化出版社
_c
1957
300
_b
平
650
_a
舞蹈; 跳舞
942
_c
BK
_o
976 ZGWD
999
_c
11543
_d
11533